| 000 | 00430pab a2200169 454500 | ||
|---|---|---|---|
| 008 | 180718b2004 xxu||||| |||| 00| 0 eng d | ||
| 100 | _aPavithran, K.S. | ||
| 245 | _aEmergence of ideological problematic: Lennin-Roy polemics and Indian communism | ||
| 260 | _c2004 | ||
| 300 | _ap.123-34. | ||
| 362 | _aApr-Jun | ||
| 650 | _aLenin | ||
| 650 | _aRoy, M.N. | ||
| 650 | _aCommunism | ||
| 773 | _aISDA Journal | ||
| 909 | _a62915 | ||
| 999 |
_c62915 _d62915 |
||